Problems on thermodynamics (Record no. 30170)

000 -LEADER
fixed length control field 00608nam a22002051a 4500
001 - CONTROL NUMBER
control field 30170
003 - CONTROL NUMBER IDENTIFIER
control field BD-DhUET
008 - FIXED-LENGTH DATA ELEMENTS--GENERAL INFORMATION
fixed length control field 831201s1962 nyua 000 0 eng
040 ## - CATALOGING SOURCE
Original cataloging agency DLC
Transcribing agency OCU
Modifying agency Uk
-- BD-DhUET
082 ## - DEWEY DECIMAL CLASSIFICATION NUMBER
Classification number 621.01
Item number FAI/1962
100 ## - MAIN ENTRY--PERSONAL NAME
Personal name Faires, Virgil Moring
245 10 - TITLE STATEMENT
Title Problems on thermodynamics
Statement of responsibility, etc. Virgil Moring Faires, Clifford M. Simmang, Alexander V. Brewer.
250 ## - EDITION STATEMENT
Edition statement 4th ed.
260 ## - PUBLICATION, DISTRIBUTION, ETC. (IMPRINT)
Place of publication, distribution, etc. London
Name of publisher, distributor, etc. Collier-Macmillan
Date of publication, distribution, etc. 1962
300 ## - PHYSICAL DESCRIPTION
Extent viii, 184 p.
Other physical details ill.
Dimensions 24 cm.
650 #0 - SUBJECT ADDED ENTRY--TOPICAL TERM
Topical term or geographic name as entry element Thermodynamics
700 1# - ADDED ENTRY--PERSONAL NAME
Personal name Simmang, Clifford M.
700 1# - ADDED ENTRY--PERSONAL NAME
Personal name Brewer, Alexander V.
942 ## - ADDED ENTRY ELEMENTS (KOHA)
Koha item type General Book
Holdings
Koha full call number Location (home branch) Shelving location Withdrawn status Date acquired Koha date last seen Source of classification or shelving scheme Koha normalized classification for sorting Piece designation (barcode) Not for loan Sublocation or collection (holding branch) Damaged status Price effective from Koha item type Lost status Copy number
621.01/FAI/1962Central Library, BUETReading section 2015-06-212015-06-21 621_010000000000000_FAI_196242950 Central Library, BUET 2015-06-21General Book 1
621.01/FAI/1962Central Library, BUETReading section 2015-06-212015-06-21 621_010000000000000_FAI_196242949 Central Library, BUET 2015-06-21General Book 2
621.01/FAI/1962Central Library, BUETReading section 2015-06-212015-06-21 621_010000000000000_FAI_196242952 Central Library, BUET 2015-06-21General Book 3
621.01/FAI/1962Central Library, BUETReading section 2015-06-212015-06-21 621_010000000000000_FAI_196242951 Central Library, BUET 2015-06-21General Book 4
621.01/FAI/1962Central Library, BUETReading section 2015-06-212015-06-21 621_010000000000000_FAI_196242953 Central Library, BUET 2015-06-21General Book 5
621.01/FAI/1962Central Library, BUETReading section 2015-06-232015-06-23 621_010000000000000_FAI_196242948 Central Library, BUET 2015-06-23Reading Item 6